Manual de Derecho Procesal.

Gardado en:
Detalles Bibliográficos
Autor Principal: Casarino Viterbo, Mario (autor)
Formato: Libro
Idioma:Lingua castelá
Publicado: Santiago, Chile: Jurídica de Chile, 1977
Edición:Tercera edición actualizada.
Series:Manuales Jurídicos, 24, 25, 26, 27, 28, 29
Subjects:
Tags: Engadir etiqueta
Sen Etiquetas, Sexa o primeiro en etiquetar este rexistro!

MARC

LEADER 00000nam a2200000 a 4500
001 UCY0702
003 CL-VaPUC
005 20240905145852.0
008 940810e19770000CL |||||||||||||||||spa|d
999 |c 229637  |d 229635 
040 |c Pontificia Universidad Católica de Valparaíso 
082 0 4 |a 347.83 CAS 1977  |2 21 
100 1 |a Casarino Viterbo, Mario  |e autor  |9 890111 
245 1 0 |a Manual de Derecho Procesal. 
250 |a Tercera edición actualizada. 
260 0 3 |a Santiago, Chile:  |b Jurídica de Chile,  |c 1977 
300 |a 6 tomos 
490 0 |a Manuales Jurídicos,  |v 24, 25, 26, 27, 28, 29 
505 |a t.1-2: Derecho procesal orgánico. 
505 |a t.3-4-5-6: Derecho procesal civil. 
583 |a last modification  |c 19940810 00:00:00  |k Rodrigo Vera 
650 0 |a Derecho procesal penal  |9 255496 
650 0 |a Derecho civil  |9 255013 
650 0 |a Derecho procesal civil  |9 258071 
650 0 |a Jurisprudencia procesal  |9 254972 
650 0 |a Arbitraje   |x Derecho procesal orgánico  |9 890112 
650 0 |a Magistrados judiciales  |9 471779 
650 0 |a Responsabilidad judicial  |9 374036 
650 7 |a Imparcialidad judicial  |9 539120 
650 0 |a Abogados  |9 256284  |x Aspectos profesionales 
650 0 |a Abogados  |x Responsabilidades  |9 890196 
650 0 |a Tribunales de justicia   |9 328494 
650 7 |a Tribunales militares  |9 328495 
650 7 |a Juzgados de policía local  |9 328496 
942 |c BK  |2 ddc 
945 |d 19940810 00:00:00  |a aalvarez 
952 |0 0  |1 0  |2 ddc  |4 0  |6 347_830000000000000_CAS_1977  |7 0  |8 A  |9 231014  |a BIBDER  |b BIBDER  |d 2019-11-15  |h t.II  |i 1804855  |o 347.83 CAS 1977  |p 1804855  |r 2023-01-25  |t 4  |w 2019-11-15  |y BK  |k DER